000 01373nam a2200205 a 4500
005 20250724100046.0
008 100630t1995||||ag |||g p 1p0dspa d
020 _a9500415283
041 _aspa
092 _c808
_l78
_sSHE
100 1 _aSheldon, Sidney
_93940
245 _aMañana, tarde y noche /
_cSidney Sheldon
250 _a3a ed.
_bTraducción Nora Watson
260 _aBuenos Aires:
_bEmecé;
_c1995.
300 _a378 p.
500 _aSheldon, S. (1995). Mañana, tarde y noche. (3a ed.). Buenos Aires : Emecé.
505 _aCuando Harry Stanford, uno de los hombres más ricos del mundo, muere ahogado al caer misteriosamente de su yate que navega frente a las costas de Córcega, el acontecimiento tiene múltiples repercusiones. La familia se reúne para el funeral, en Boston. Y, de pronto, aparece una bella mujer joven que dice ser hija de Harry Stanford y heredera, por tanto, de una parte de su cuantiosa fortuna. ¿Se trata acaso de una impostora? Los Stanford son gente respetada y poderosa. Pero detrás de la impecable fachada se oculta una madeja de extorsiones, drogas y muerte. Con la habilidad sin par que lo distingue, Sidney Sheldon delinea la trama intrincada y ágil de este nuevo gran bestseller. los vaivenes de la historia culminan, como de costumbre, en un final pleno de sorpresa.
655 _aLiteratura
_92917
942 _2lcc
_cLIT
999 _c3277
_d3277